| 000 | 00661nam a2200181Ia 4500 | ||
|---|---|---|---|
| 008 | 090630s9999 xx 000 0 und d | ||
| 082 | _b27205 | ||
| 100 | _aबॉल जॉन अनु. भट अविनाश. | ||
| 245 |
_aमिसिंग. _cबॉल जॉन अनु. भट अविनाश. |
||
| 260 |
_bपॅपिलॉन - पुणे. _c2001 |
||
| 300 | _a160 | ||
| 600 | _aबॉल जॉन अनु. भट अविनाश. | ||
| 630 | _aमिसिंग. | ||
| 655 | _aकादंबरी. | ||
| 700 | _aबॉल जॉन अनु. भट अविनाश. | ||
| 730 | _aमिसिंग. | ||
| 942 | _cBOOK | ||
| 999 |
_c279061 _d279061 |
||